| Поле | Инд. | ПП | Название | Значение |
|---|---|---|---|---|
| Тип записи | a | |||
| Библиографический уровень | a | |||
| 001 | Контрольный номер | f504d23d86f746c6ab5f7853a55a52bd | ||
| 005 | Дата корректировки | 20260703151345.3 | ||
| 040 | a | Служба первич. каталог. | 10013504 | |
| 041 | 0_ | a | Код языка текста | rus |
| 245 | 10 | a | Заглавие | Изучение диффузии щелочных металлов в тугоплавкие |
| 260 | a | Место издания | Москва | |
| b | Издательство | МАИ | ||
| 504 | a | Библиография | Библиогр.: с.64 (18 назв.) | |
| 653 | 0_ | a | Ключевые слова | АВТОР МАИ; ЩЕЛОЧНЫЕ МЕТАЛЛЫ И СПЛАВЫ |
| 700 | 12 | a | Другие авторы | Карпман М.Г. |
| 700 | 12 | a | Другие авторы | Дубинин Г.Н. |
| q | Полное имя | Дубинин Георгий Николаевич | ||
| 700 | 12 | a | Другие авторы | Щербединский Г.В. |
| 700 | 12 | a | Другие авторы | Бенедиктова Г.П. |
| q | Полное имя | Бенедиктова Галина Павловна | ||
| 773 | 18 | a | Заголовок основной записи | Московский авиационный институт им. С. Орджоникидзе |
| w | Контрольный № источника | d62d2c63ed474c1d8601f9bce85f9d7d | ||
| t | Название источника | Труды института | ||
| d | Место и дата издания | Москва : МАИ, 1971 | ||
| g | Прочая информация | Вып. 228. - С.51-64 | ||
| 901 | t | Тип документа | a |